| 000 | 01766nam2a22003011 4500 | ||
|---|---|---|---|
| 001 | RU\NLR\19V\927448 | ||
| 005 | 20260406164131.0 | ||
| 035 | _a(NLR Aleph) 010349904 | ||
| 090 |
_a10741578 _c10741578 |
||
| 100 | _a20100603d1841 |||y0rusy50 ca | ||
| 101 | 0 | _arus | |
| 102 | _aRU | ||
| 105 | _ay z ||||| | ||
| 200 | 0 | _a... за 1840-й год | |
| 210 |
_d1841 _aБ. м. |
||
| 215 | _a[2], 10 с. | ||
| 300 | _aВ конце текста подписали: председатель, ген. от Инфантерии князь Щербатов [и др.] | ||
| 316 |
_aЭкз. РНБ на шифром 18.74.2.11 с экслибрисом Библиотеки Александра II: императорская корона без сияния вокруг нее и монограмма "А.Н." _5NLR:18.74.2.11 |
||
| 461 | 0 |
_1001RU\NLR\19V\927445 _12001#$aОтчет Комитета, учрежденного в 18-й день августа 1814 года...$v... за 1840-й год _910741566 _aАлександровский комитет о раненых (Петербург) _c[Санкт-Петербург _d1836] _nв Военной типографии _tОтчет Комитета, учрежденного в 18-й день августа 1814 года... _v... за 1840-й год |
|
| 702 | 0 |
_4390 _8rus _7ca _aАлександр _cимператор российский _dII _f1818-1881 _3RU\NLR\AUTH\7710521 _9120289 |
|
| 702 | 1 |
_4720 _8rus _7ca _aЩербатов _bА. Г. _f1776-1848 _gАлексей Григорьевич _3RU\NLR\AUTH\7788972 _971900 |
|
| 801 | 0 |
_aRU _bNLR _c20100603 _gpsbo |
|
| 801 | 1 |
_aRU _bNLR _c20100603 _2rusmarc |
|
| 801 | 2 |
_aRU _bNLR _c20100603 _2rusmarc |
|
| 852 |
_aNLR _j18.74.2.11 |
||
| 942 | _cBOOK | ||
| 980 | _aNB | ||